MARC

LEADER 00000nam0a2200000 4500
001 46367
005 20231101211020.0
010 |a 5771202487 
035 |a (RuTPU)RU\TPU\book\48362 
090 |a 46367 
100 |a 20030113d2002 m y0rusy50 ca 
101 0 |a rus 
102 |a RU 
105 |a y z 000zy 
200 1 |a Терроризм в мегаполисе: оценка угроз и защищенности  |f ПИР-Центр; Под ред. В. З. Дворкина 
210 |a Москва  |c Права человека  |d 2002 
215 |a 112 с. 
225 1 |a Научные записки Пир-центра  |v 3(21), 2002 
225 1 |a Национальная и глобальная безопасность 
606 1 |a Терроризм международный  |x Внешняя политика  |2 stltpush  |3 (RuTPU)RU\TPU\subj\60013  |9 77504 
610 1 |a политика 
610 1 |a внешняя политика 
610 1 |a международные отношения 
610 1 |a глобальные проблемы 
610 1 |a терроризм 
610 1 |a мегаполисы 
610 1 |a угрозы 
610 1 |a защита 
610 1 |a безопасность 
610 1 |a безопасность жизнедеятельности 
686 |a Ф4(0)3  |v LBC/SL-A  |2 rubbk 
702 1 |a Дворкин  |b В. З.  |g Владимир  |4 340 
712 0 2 |a ПИР-Центр  |c Центр политических исследований России  |c (Москва)  |2 stltpush  |3 (RuTPU)RU\TPU\col\2041  |9 23643 
801 1 |a RU  |b 63413507  |c 20030113  |g PSBO 
801 2 |a RU  |b 63413507  |c 20140318  |g PSBO 
942 |c BK